000 01652nam a2200277 a 4500
001 81332
003 BD-RjUL
005 20230903125339.0
008 230409s2020 bg ||||| m||| 00| 0 ben d
035 _a(BD-RjUL)81332
040 _aBD-RjUL
_bben / eng
_cBD-RjUL
_dBD-RjUL
041 _aben
082 _a340.59
_bHAB 2020
_223
100 _aহক, মো. ওয়ালিউল
_97293
245 1 0 _aবাংলাদেশে ইসলামী ভূমি আইনের প্রয়োগ :
_bএকটি পর্যালোচনা /
_cমো. ওয়ালিউল হক
_6সুপারভাইজার : মুহাম্মদ মতিউর রহমান, কো-সুপারভাইজার : মো. সাহাল উদ্দীন
246 _aApplication of Islamic Land Law in Bangladesh :
_bA Study /
260 _aরাজশাহী :
_bআরবী বিভাগ, রাজশাহী বিশ্ববিদ্যালয়,
_c২০২০
300 _a[ঞ], ৫০৪ পাতা ;
_c২৯ সেমি.
502 _aথিসিস (পিএইচ. ডি.) -- আরবী বিভাগ, রাজশাহী বিশ্ববিদ্যালয়, ২০২০
504 _aগ্রন্থপঞ্জি : পাতা [৪৭৬]-৫০৩
650 _aইসলামী আইন
_97294
650 _aIslamic law
_96927
700 _aরহমান, মুহাম্মদ মতিউর, সুপারভাইজার
_97295
700 _aউদ্দীন, মো. সাহাল, কো-সুপারভাইজার
_97296
942 _2ddc
_cTHE
999 _c81332
_d81332